[Event "2nd ch-SCG Women"]
[Site "Tivat SCG"]
[Date "2006.02.28"]
[Round "8"]
[White "Maksimovic,S"]
[Black "Chelushkina,I"]
[Result "1/2-1/2"]
[WhiteElo "2276"]
[BlackElo "2312"]

1.d4 Nf6 2.c4 e6 3.Nc3 d5 4.Nf3 Be7 5.Bf4 c6 6.e3 Nbd7 7.h3 Ne4 8.Bd3 Nxc3
9.bxc3 dxc4 10.Bxc4 Nb6 11.Bd3 Nd5 12.Qb3 Nxf4 13.exf4 O-O 14.O-O Qc7 15.Qc2 g6
16.Ne5 c5 17.Qe2 Rd8 18.Rad1 cxd4 19.cxd4 f6 20.Rc1 Qd6 21.Bxg6 hxg6 22.Qg4 g5
23.fxg5 fxe5 24.Qh5 Bf8 25.Rc3 Rd7 26.dxe5 Qxe5 27.Rfc1 Rh7 28.Qe8 Re7 29.Qd8 Rd7
30.Qe8 Re7 31.Qd8 Rd7 32.Qe8 Rf7 33.Rxc8 Rxc8 34.Qxc8 Kg7 35.g3 b6 36.Qc3 Qxc3
37.Rxc3 Bc5 38.Rc2 Kg6 39.h4 e5 40.Kg2 e4 41.Re2 Rf3 42.a4 a5 43.Rxe4 Rxf2+
44.Kh3 Kf5 45.Rc4 Rf3 46.Kg2 Rd3 47.Rf4+ Kg6 48.Rf6+ Kg7 49.h5 Rd6 50.h6+ Kg8
51.Rf5 Bd4 52.Kh3 Kh7 53.Kg4 Kg6 54.Rf8 Bb2 55.Rg8+ Kh7 56.Rb8 Kg6 57.Rg8+ Kh7
58.Rb8  1/2-1/2

[Event "III GM-Tage"]
[Site "Pulvermuehle GER"]
[Date "2006.03.01"]
[Round "5"]
[White "Prusikin,M"]
[Black "Baramidze,D"]
[Result "1/2-1/2"]
[WhiteElo "2563"]
[BlackElo "2554"]

1.d4 d5 2.c4 e6 3.Nc3 Be7 4.Nf3 Nf6 5.Bf4 O-O 6.e3 c5 7.dxc5 Bxc5 8.a3 Nc6
9.Qc2 Qa5 10.Nd2 Be7 11.Bg3 Bd7 12.Be2 Rfc8 13.O-O Qd8 14.Qd3 Be8 15.Rfd1 Na5
16.cxd5 Nxd5 17.Nxd5 Qxd5 18.b4 Qxd3 19.Bxd3 Rd8 20.Be4 Bf6 21.Rab1 Ba4 22.Rdc1 Rxd2
23.bxa5 Rad8 24.h3 Bb2 25.Rc7 a6 26.Rxb7 Bxa3 27.R7b6 Bb5 28.Bc7 Rc8 29.Rb7  1/2-1/2

[Event "1st ONGC Cup"]
[Site "Hyderabad IND"]
[Date "2006.03.02"]
[Round "7"]
[White "Kunte,A"]
[Black "Thejkumar,M"]
[Result "1/2-1/2"]
[WhiteElo "2551"]
[BlackElo "2384"]

1.d4 Nf6 2.Nf3 e6 3.c4 d5 4.Nc3 Be7 5.Bf4 O-O 6.e3 c5 7.dxc5 Bxc5 8.Qc2 Nc6
9.a3 Qa5 10.Nd2 Bb4 11.Ra2 Bxc3 12.bxc3 Qc5 13.Nb3 Qe7 14.Bg5 dxc4 15.Bxc4 b6
16.O-O  1/2-1/2

[Event "XXII Open"]
[Site "Reykjavik ISL"]
[Date "2006.03.07"]
[Round "2"]
[White "Tregubov,P"]
[Black "Kujovic,M"]
[Result "1-0"]
[WhiteElo "2556"]
[BlackElo "2344"]

1.d4 d5 2.c4 e6 3.Nf3 Nf6 4.Nc3 Be7 5.Bf4 O-O 6.e3 c5 7.dxc5 Bxc5 8.Be2 dxc4
9.Bxc4 a6 10.Bd3 b5 11.a4 Bb7 12.axb5 axb5 13.Rxa8 Bxa8 14.Bxb5 Nd5 15.Nxd5 Bxd5
16.O-O Qb6 17.Qe2 Bxf3 18.gxf3 Nc6 19.Rc1 Ne7 20.Bd3 Nd5 21.Be5 f6 22.Bg3 f5
23.Be5 f4 24.Qc2 Bd6 25.Bd4 Qd8 26.Kh1 fxe3 27.fxe3 Rxf3 28.Bxh7+ Kh8 29.Qg2 Qf8
30.Be4 Rf2 31.Bxg7+ Qxg7 32.Qxf2  1-0

[Event "US Masters"]
[Site "Hendersonville USA"]
[Date "2006.03.12"]
[Round "4"]
[White "Margvelashvili,G"]
[Black "Schroer,J"]
[Result "1/2-1/2"]
[WhiteElo "2434"]
[BlackElo "2350"]

1.Nf3 d5 2.c4 e6 3.d4 Nf6 4.Nc3 Be7 5.Bf4 O-O 6.e3 Nbd7 7.Qc2 c5 8.dxc5 Nxc5
9.cxd5 Nxd5 10.Nxd5 exd5 11.Be5 Ne4 12.a3 Bg4 13.Be2 Rc8 14.Qd1 Bf6 15.Bxf6 Qxf6
16.Rb1 Bf5 17.Bd3 Bg4 18.Be2 Bf5 19.Bd3  1/2-1/2

[Event "Sozina Open"]
[Site "Bar SCG"]
[Date "2006.03.18"]
[Round "1"]
[White "Rusev,K"]
[Black "Dedic,S"]
[Result "1-0"]
[WhiteElo "2409"]
[BlackElo "2039"]

1.d4 e6 2.Nf3 d5 3.c4 Nf6 4.Nc3 Be7 5.Bf4 a6 6.c5 Nc6 7.h3 Ne4 8.e3 f5 9.Be2 b6
10.cxb6 cxb6 11.O-O O-O 12.Rc1 Bb7 13.Ne1 Bd6 14.Nd3 Bxf4 15.Nxf4 Qd6 16.Na4 Ne7
17.Qb3 Nc8 18.Rc2 b5 19.Rfc1 g5 20.Nd3 Ne7 21.Nac5 Nxc5 22.Nxc5 Bc6 23.f4 gxf4
24.exf4 Ng6 25.g3 Rfc8 26.Qe3 Bd7 27.Bd3 Kf7 28.Qf3 Kg8 29.Re1 Rc6 30.a3 Qe7
31.Bxf5 Qg7 32.Nxd7 Rxc2 33.Bxc2 Qxd7 34.Qg4 Qg7 35.Qxe6+ Kh8 36.Qxd5 Rc8
37.Bxg6 Qxg6 38.Qe5+ Qg7 39.d5 Rd8 40.Kg2 Kg8 41.d6 Qb7+ 42.Kh2 Rc8 43.Qe6+ Kh8
44.Qe8+ Rxe8 45.Rxe8+ Kg7 46.Re7+ Qxe7 47.dxe7 Kf7 48.b4 Kxe7 49.f5 h5 50.g4  1-0

[Event "Sozina Open"]
[Site "Bar SCG"]
[Date "2006.03.22"]
[Round "5"]
[White "Antic,De"]
[Black "Stanojevic,B"]
[Result "1/2-1/2"]
[WhiteElo "2505"]
[BlackElo "2336"]

1.d4 e6 2.c4 Nf6 3.Nf3 Bb4+ 4.Bd2 Be7 5.Nc3 d5 6.Bf4 Nh5 7.Be5 c6 8.e3 Nd7
9.Qc2 Nhf6 10.Bg3 Nh5 11.O-O-O Nxg3 12.hxg3 g6 13.e4 dxe4 14.Nxe4 f5 15.Nc3 O-O
16.d5 cxd5 17.cxd5 e5 18.d6 Bf6 19.Bc4+ Kg7 20.Nd5 Nb6 21.Nxb6 axb6 22.d7 Qe7
23.Qd2 h5 24.Kb1 e4 25.Nh4 Rd8 26.Nxf5+ gxf5 27.dxc8=Q Raxc8 28.Qe2 Qe5 29.f4 exf3
30.Qxe5 Bxe5 31.Rxd8 Rxd8 32.gxf3  1/2-1/2

[Event "ch-Moscow Prelim KO"]
[Site "Moscow RUS"]
[Date "2006.03.22"]
[Round "2.2"]
[White "Grigoriants,S RUS"]
[Black "Kharitonov,AV"]
[Result "1/2-1/2"]
[WhiteElo "2550"]
[BlackElo "2578"]

1.d4 d5 2.c4 e6 3.Nc3 Nf6 4.Nf3 Be7 5.Bf4 O-O 6.e3 a6 7.cxd5 exd5 8.Bd3 c6
9.h3 Nbd7 10.Qc2 Re8 11.g4 Nf8 12.O-O-O Be6 13.Kb1 Rc8 14.Ng5 c5 15.dxc5 Bxc5
16.Nxe6 fxe6 17.Qb3 Qb6 18.Qxb6 Bxb6 19.g5 N6d7 20.Rc1 Ng6 21.Bg3 Nge5 22.Be2 Ba5
23.Rhd1 Bxc3 24.Rxc3 Rxc3 25.bxc3 Rc8 26.Kb2  1/2-1/2

[Event "TCh-AUT 2005-6"]
[Site "Austria AUT"]
[Date "2006.03.23"]
[Round "8"]
[White "Gyimesi,Z"]
[Black "Boensch,U"]
[Result "1/2-1/2"]
[WhiteElo "2602"]
[BlackElo "2538"]

1.d4 Nf6 2.c4 e6 3.Nf3 d5 4.Nc3 Be7 5.Bf4 O-O 6.e3 b6 7.cxd5 Nxd5 8.Nxd5 Qxd5
9.Bd3 Qa5+ 10.Nd2 Ba6 11.Bxa6 Nxa6 12.O-O c5 13.Qe2 b5 14.Nb3 Qb6 15.dxc5 Nxc5
16.Nxc5 Bxc5 17.Rac1 Rac8 18.Rc2 Be7 19.Rfc1 Rxc2 20.Qxc2 Bd6 21.Bxd6 Qxd6
22.Rd1 Qa6 23.a3 h6 24.g3 Qb7 25.Rd3  1/2-1/2

[Event "TCh-AUT 2005-6"]
[Site "Austria AUT"]
[Date "2006.03.25"]
[Round "10"]
[White "Babula,V"]
[Black "Baumegger,S"]
[Result "1/2-1/2"]
[WhiteElo "2585"]
[BlackElo "2413"]

1.d4 d5 2.c4 e6 3.Nc3 Nf6 4.Nf3 Be7 5.Bf4 O-O 6.e3 Nbd7 7.c5 c6 8.h3 b6 9.b4 a5
10.a3 Ba6 11.Bxa6 Rxa6 12.O-O Qa8 13.Rb1 axb4 14.axb4 Qb7 15.Qc2  1/2-1/2

[Event "TCh-AUT 2005-6"]
[Site "Austria AUT"]
[Date "2006.03.25"]
[Round "10"]
[White "Tkachiev,V"]
[Black "Beliavsky,A"]
[Result "1/2-1/2"]
[WhiteElo "2642"]
[BlackElo "2626"]

1.d4 Nf6 2.c4 e6 3.Nf3 d5 4.Nc3 Be7 5.Bf4 O-O 6.e3 c5 7.dxc5 Bxc5 8.Qc2 Nc6
9.Rd1 Qa5 10.Be2 Nb4 11.Qb3 dxc4 12.Bxc4 Nbd5 13.Be5 Qb4 14.O-O Qxb3 15.Bxb3 Nxc3
16.Bxc3 b6 17.Ne5 Bb7  1/2-1/2

[Event "TCh-CZE Extraliga 2005-6"]
[Site "Czech Rep CZE"]
[Date "2006.03.25"]
[Round "10"]
[White "Stocek,J"]
[Black "Augustin,J"]
[Result "1-0"]
[WhiteElo "2580"]
[BlackElo "2337"]

1.c4 e6 2.Nc3 d5 3.d4 Nf6 4.Nf3 Be7 5.Bf4 O-O 6.e3 c5 7.dxc5 Bxc5 8.Qc2 Nc6
9.Rd1 Qa5 10.Be2 dxc4 11.Bxc4 a6 12.O-O Be7 13.Ng5 h6 14.Nge4 b5 15.Bb3 Bb7
16.Nxf6+ Bxf6 17.Ne4 Be5 18.Nc5 Bxf4 19.exf4 Bc8 20.Qe4 Qb6 21.Rc1 Ra7 22.Nxe6 Re7
23.Rxc6 Qb8 24.Qb4  1-0

[Event "Pius Brinzeu Mem"]
[Site "Timisoara ROM"]
[Date "2006.03.25"]
[Round "8"]
[White "Manolache,M"]
[Black "Baratosi,D"]
[Result "1-0"]
[WhiteElo "2488"]
[BlackElo "2253"]

1.d4 d5 2.Nf3 Nf6 3.c4 e6 4.Nc3 Be7 5.Bf4 O-O 6.e3 c6 7.a3 dxc4 8.Bxc4 Nbd7
9.Qc2 b5 10.Bd3 Bb7 11.O-O h6 12.e4 Qb6 13.b4 a5 14.Rab1 axb4 15.axb4 Rfc8
16.Qe2 Qd8 17.e5 Nd5 18.Nxd5 cxd5 19.Bxb5 Nb6 20.Bd3 Na4 21.Bd2 Nc3 22.Bxc3 Rxc3
23.Rfd1 Raa3 24.g3 Qc8 25.b5 Bd8 26.Kg2 Bb6 27.Rb2 Qe8 28.Ra2 Qa8 29.Rc2 Qa5
30.Rxc3 Qxc3 31.Qe3 Qb3 32.Ra1 Kf8 33.Rxa3 Qxa3 34.h4 Bc8 35.g4 Bd7 36.g5 hxg5
37.Nxg5 Be8 38.h5 Ke7 39.Nh3 Kd7 40.Nf4 Kc7 41.Qg3 Qf8 42.Qg4 Bd7 43.Be2 Kd8
44.Qg5+ Kc7 45.Bg4 Bxd4 46.Nxd5+ Kb7 47.Ne7 Bxb5 48.Bf3+  1-0

[Event "Amber Blindfold"]
[Site "Monte Carlo MNC"]
[Date "2006.03.26"]
[Round "8"]
[White "Vallejo Pons,F"]
[Black "Nielsen,PH"]
[Result "1-0"]
[WhiteElo "2650"]
[BlackElo "2644"]

1.d4 Nf6 2.c4 e6 3.Nf3 d5 4.Nc3 Be7 5.Bf4 O-O 6.e3 c5 7.dxc5 Bxc5 8.Qc2 Nc6
9.Rd1 Qa5 10.Be2 Nb4 11.Qa4 Qxa4 12.Nxa4 Nxa2 13.Nxc5  1-0

[Event "TCh-FRA Top 16 Gp B"]
[Site "Gonfreville FRA"]
[Date "2006.04.02"]
[Round "7"]
[White "Ferry,J"]
[Black "Gras,D"]
[Result "1/2-1/2"]
[WhiteElo "1860"]
[BlackElo "1956"]

1.d4 d5 2.c4 e6 3.Nf3 Nf6 4.Nc3 Be7 5.Bf4 O-O 6.e3 c5 7.dxc5 dxc4 8.Qc2 Qa5
9.Bxc4 Qxc5 10.Bd3 Nc6 11.a3 a5 12.Nb5 Qxc2 13.Bxc2 Nd5 14.Bg3 Bf6 15.e4 Nb6
16.Bd6 Be7 17.Bxe7 Nxe7 18.Nd6 Rd8 19.Rd1 Rd7 20.Ne5 Rc7 21.Ndxf7 Ng6 22.Bb1 Rxf7
23.Nxf7 Kxf7 24.Ba2 Ke7 25.O-O Bd7 26.f3 Rc8 27.Rc1 Rxc1 28.Rxc1 Bc6 29.Kf2 Nf4
30.Bb1 Ng6 31.Ke3 Ne5 32.b3 a4 33.Kd4 Ned7 34.b4 e5+ 35.Ke3 g5 36.Bd3 Nf8
37.b5  1/2-1/2

[Event "TCh-FRA Top 16 Gp A"]
[Site "Montpellier FRA"]
[Date "2006.04.02"]
[Round "7"]
[White "Bergez,L"]
[Black "Flear,C"]
[Result "1-0"]
[WhiteElo "2341"]
[BlackElo "2212"]

1.d4 d5 2.c4 e6 3.Nc3 Be7 4.Nf3 Nf6 5.Bf4 a6 6.c5 Ne4 7.e3 Nxc3 8.bxc3 Nc6
9.Bd3 b6 10.cxb6 cxb6 11.O-O O-O 12.Rb1 b5 13.a4 b4 14.cxb4 Nxb4 15.Bxh7+ Kxh7
16.Rxb4 Bxb4 17.Ng5+ Kg6 18.Qb1+ f5 19.Qxb4 a5 20.Qa3 Rg8 21.e4 dxe4 22.Qg3 Kf6
23.Rc1 Ra7 24.Nxe4+ fxe4 25.Bg5+ Kf7 26.Bxd8 Rxd8 27.Rc7+ Rxc7 28.Qxc7+ Ke8
29.Qxg7 Rd5 30.h4  1-0

[Event "43rd ch-IND"]
[Site "Visakhapatnam IND"]
[Date "2006.04.04"]
[Round "2"]
[White "Kunte,A"]
[Black "Arun Prasad,S"]
[Result "0-1"]
[WhiteElo "2551"]
[BlackElo "2384"]

1.d4 d5 2.c4 e6 3.Nf3 Nf6 4.Nc3 Be7 5.Bf4 O-O 6.e3 c5 7.dxc5 Bxc5 8.Qc2 Nc6
9.a3 Qa5 10.Nd2 Bb4 11.cxd5 Nxd5 12.Nxd5 exd5 13.Bd3 g6 14.Qd1 Be7 15.b4 Qd8
16.b5 Na5 17.O-O d4 18.e4 Re8 19.Qc2 b6 20.Nc4 Nxc4 21.Bxc4 Be6 22.Bxe6 fxe6
23.Qb3 Bd6 24.Bd2 Rc8 25.Rac1 Rxc1 26.Rxc1 Qf6 27.Qd3 Rf8 28.Rf1 Rc8 29.f4 Qe7
30.Ra1 Qc7 31.e5 Be7 32.Rc1 Qd7 33.Rxc8+ Qxc8 34.Qb3 Kf7 35.Kf2 a6 36.bxa6 Qxa6
37.a4 Qa8 38.Qxb6 Qxa4 39.Qb7 Qd1 40.Qb2 d3 41.Be3 Bh4+ 42.g3 Qh1 43.Qd2 Qxh2+
44.Kf3 Qxg3+ 45.Ke4 Be7 46.Qxd3 Qg2+ 47.Kd4 Qd5+ 48.Kc3 Qxd3+ 49.Kxd3 Ke8
50.Bf2 Kd7 51.Be3 Kc6 52.Ke4 Bc5 53.Bd2 Kb5 54.Kd3 Bg1 55.Be1 Kc5 56.Ke4 Kc4
57.Ba5 Bc5 58.Be1 h5 59.Bh4 Kc3 60.Kf3 Kd3 61.Bg3 Be7 62.Bf2 Kd2 63.Bg3 Kd1
64.Bf2 Bb4 65.Bh4 Be1 66.Bg5 Bb4 67.Bh4 Bc5 68.Bg5 Ke1 69.Bd8 Kf1 70.Bg5 Bf2
71.Be7 Be1 72.Bd8 Kg1 73.Ke2 h4  0-1

[Event "7th ch-Euro"]
[Site "Kusadasi TUR"]
[Date "2006.04.05"]
[Round "2"]
[White "David,Alb"]
[Black "Gasthofer,A"]
[Result "1-0"]
[WhiteElo "2591"]
[BlackElo "2418"]

1.d4 d5 2.c4 e6 3.Nc3 Be7 4.Nf3 Nf6 5.Bf4 O-O 6.e3 Nbd7 7.a3 c5 8.cxd5 Nxd5
9.Nxd5 exd5 10.dxc5 Nxc5 11.Be5 Bf6 12.Bxf6 Qxf6 13.Qd4 Qxd4 14.Nxd4 Ne6
15.Rd1 Nxd4 16.Rxd4 Be6 17.Kd2 Rac8 18.Bd3 Rc6 19.Rc1 Rfc8 20.Rxc6 Rxc6 21.e4 Rb6
22.b4 Kf8 23.exd5 Bd7 24.d6 Ke8 25.Bc4 Be6 26.Bxe6 fxe6 27.d7+ Kd8 28.Ke3 Rc6
29.Rd3 Rc7 30.Ke4 Rxd7 31.Rxd7+ Kxd7 32.Ke5 b5 33.h4 Ke7 34.h5 h6 35.g3 Kd7
36.g4 Ke7 37.f3 Kd7 38.f4 Ke7 39.Kd4 Kd6 40.Ke4 Ke7 41.Kd4 Kd6 42.g5 a6 43.Ke4 Kd7
44.Kd3 Kc6 45.Ke2 Kd5 46.Ke3 Kc6 47.f5 exf5 48.gxh6 gxh6 49.Kf4 a5 50.bxa5 Kb7
51.Kxf5 Ka6 52.Kg6 Kxa5 53.Kxh6 Ka4 54.Kg5 Kxa3 55.h6  1-0

[Event "43rd ch-IND"]
[Site "Visakhapatnam IND"]
[Date "2006.04.05"]
[Round "4"]
[White "Gupta,Ab"]
[Black "Arun Prasad,S"]
[Result "1/2-1/2"]
[WhiteElo "2434"]
[BlackElo "2384"]

1.d4 d5 2.c4 e6 3.Nc3 Be7 4.Nf3 Nf6 5.Bf4 O-O 6.e3 c5 7.dxc5 Bxc5 8.a3 Nc6
9.Qc2 Qa5 10.Nd2 Be7 11.Bg3 Qb6 12.b4 d4 13.Na4 Qd8 14.e4 Nh5 15.Be2 Nxg3
16.hxg3 a5 17.b5 Ne5 18.Nb2 b6 19.Nd3 Nxd3+ 20.Bxd3 e5 21.f4 Bd6 22.Nf3 Qe7
23.Kf2 h6 24.f5 Bd7 25.a4 Rfc8 26.Qe2 Be8 27.Nh4 Qg5 28.Nf3 Qe3+ 29.Qxe3 dxe3+
30.Kxe3 f6 31.Rhc1 Bf7 32.Rc2 Ra7 33.Nd2 Bc5+ 34.Ke2 Bb4 35.Nf1 Bh5+ 36.Kf2 Rd7
37.Be2 Bxe2 38.Kxe2 Rd4 39.Rd1 Rxe4+ 40.Kf3 Rexc4 41.Rxc4 Rxc4 42.Ne3 Rc3
43.Ke2 Bc5 44.Rd8+ Kh7 45.Nd5 Rxg3 46.Rd7 Kg8 47.Rd8+ Kf7 48.Rd7+ Ke8 49.Ra7 Rxg2+
50.Kf3 Rf2+ 51.Ke4 Rg2 52.Nc7+ Kd7 53.Ne6+ Kd6 54.Rxg7 Ra2 55.Nxc5 Kxc5 56.Rc7+ Kb4
57.Rc6 Rxa4 58.Rxf6 Kxb5+ 59.Kxe5 Ra1 60.Rxh6 a4  1/2-1/2

[Event "43rd ch-IND"]
[Site "Visakhapatnam IND"]
[Date "2006.04.06"]
[Round "6"]
[White "Singh,DP"]
[Black "Thejkumar,M"]
[Result "1-0"]
[WhiteElo "2395"]
[BlackElo "2384"]

1.Nf3 d5 2.d4 Nf6 3.c4 e6 4.Nc3 Be7 5.Bf4 O-O 6.e3 c5 7.dxc5 Bxc5 8.a3 Nc6
9.Qc2 Qa5 10.Rd1 Be7 11.Rd2 a6 12.cxd5 exd5 13.Be2 Be6 14.O-O h6 15.Nd4 Nxd4
16.Rxd4 Rac8 17.Qd2 Qb6 18.Bf3 Rfd8 19.Rd1 Rc4 20.Be5 Rxd4 21.Qxd4 Qxd4 22.Bxd4 Kf8
23.h3 b5 24.b4 Ne8 25.Kf1 Rd7 26.g4 Kg8 27.Ke2 Bf6 28.Bg2 Bxd4 29.Rxd4 Nf6
30.f4 g6 31.g5 hxg5 32.fxg5 Nh7 33.h4 f6 34.gxf6 Nxf6 35.Rf4 Bg4+ 36.Kd3 Rc7  1-0

[Event "43rd ch-IND"]
[Site "Visakhapatnam IND"]
[Date "2006.04.06"]
[Round "6"]
[White "Kunte,A"]
[Black "Deepan,C"]
[Result "1/2-1/2"]
[WhiteElo "2551"]
[BlackElo "2428"]

1.d4 d5 2.c4 e6 3.Nf3 Be7 4.Nc3 Nf6 5.Bf4 O-O 6.e3 c5 7.dxc5 Bxc5 8.Qc2 Nc6
9.a3 Qa5 10.Nd2 Be7 11.Bg3 Qb6 12.b4 d4 13.Na4 Qd8 14.e4 Nh5 15.Be2 Nxg3
16.hxg3 a5 17.b5 Ne5 18.Bd3  1/2-1/2

[Event "FSIM April"]
[Site "Budapest HUN"]
[Date "2006.04.07"]
[Round "7"]
[White "Nguyen Huynh Minh H"]
[Black "Sebestyen,Ba"]
[Result "1/2-1/2"]
[WhiteElo "2294"]
[BlackElo "2317"]

1.Nf3 Nf6 2.c4 e6 3.Nc3 d5 4.d4 Be7 5.Bf4 c6 6.e3 Nbd7 7.Qc2 O-O 8.a3 b6
9.Bd3 dxc4 10.Bxc4 Bb7 11.Rd1 Rc8 12.O-O b5 13.Ba2 Qb6 14.e4 Rfd8 15.e5 Nd5
16.Bg5 Nxc3 17.Bxe7 Nxd1 18.Bb1 g6 19.Qd2 Nxe5 20.Nxe5 Rxd4 21.Qh6 Nxf2 22.Bf6 Nh3+
23.Kh1 Nf2+  1/2-1/2

[Event "ch-CUB KO"]
[Site "Santa Clara CUB"]
[Date "2006.04.07"]
[Round "2.1"]
[White "Bruzon,L"]
[Black "Corrales,Fi"]
[Result "1-0"]
[WhiteElo "2652"]
[BlackElo "2493"]

1.d4 d5 2.c4 e6 3.Nc3 Be7 4.Nf3 Nf6 5.Bf4 O-O 6.e3 c5 7.dxc5 Bxc5 8.Qc2 Nc6
9.a3 Qa5 10.Nd2 Bb4 11.cxd5 exd5 12.Bd3 d4 13.O-O Bxc3 14.Nc4 Qh5 15.bxc3 dxe3
16.Nxe3 Bd7 17.Rab1 Nd8 18.Bg3 Rc8 19.Rfd1 g6 20.c4 Re8 21.Qb2 Re6 22.Be2 Qg5
23.c5 Bc6 24.Bc4 Rxe3 25.fxe3 Qxe3+ 26.Bf2 Qg5 27.Bd4 Nh5 28.Qf2 Nf4 29.Qg3 Qf5
30.Rb2 Nde6 31.Rf2 Qe4 32.Bxe6 Nxe6 33.Bb2 Rf8 34.h3 h5 35.Qc3 f6 36.Re1 Qd5
37.Ree2 Ng5 38.Rxf6 Rxf6 39.Qxf6 Qd1+ 40.Kf2  1-0

[Event "32nd ch-IND w"]
[Site "Visakhapatnam IND"]
[Date "2006.04.09"]
[Round "8"]
[White "Karavade,E"]
[Black "Mohota,N"]
[Result "1/2-1/2"]
[WhiteElo "2332"]
[BlackElo "2318"]

1.d4 d5 2.c4 e6 3.Nc3 Be7 4.Nf3 Nf6 5.Bf4 O-O 6.e3 c5 7.dxc5 Bxc5 8.Qc2 Nc6
9.a3 Qa5 10.Nd2 Be7 11.Bg3 Bd7 12.Be2 Rac8 13.O-O Qb6 14.b4 Qd8 15.Qb3 d4
16.Nb5 e5 17.exd4 Nxd4 18.Nxd4 exd4 19.Qd3 a5 20.Rab1 axb4 21.axb4 Bg4 22.Bxg4 Nxg4
23.Nf3 f5 24.Bf4 g5 25.Bd2 Qc7 26.Rfe1 Bd6 27.h3 Nxf2 28.Kxf2 Bg3+ 29.Kg1 Bxe1
30.Rxe1 Qxc4 31.Qxd4 Qxd4+ 32.Nxd4 f4 33.Ne6 Rf5 34.Nc5 b6 35.Ne4 Rc2 36.Re2 h6
37.Kf2 Kf8 38.Bc3 Rxe2+ 39.Kxe2 Ke7 40.Bd4 b5 41.Bc5+ Kd7 42.Nd6 Re5+ 43.Kf3 Kc6
44.Nf7 Rxc5 45.bxc5 Kxc5 46.Ke2 b4 47.Kd3 b3 48.Kc3 b2 49.Kxb2 Kd4 50.Nxh6 f3
51.gxf3 Ke3 52.Nf7 Kxf3 53.Nxg5+ Kg3  1/2-1/2

[Event "XXIX Open"]
[Site "Donostia San Sebastian ESP"]
[Date "2006.04.12"]
[Round "6"]
[White "Cifuentes Parada,R"]
[Black "Dobrev,N"]
[Result "0-1"]
[WhiteElo "2494"]
[BlackElo "2407"]

1.d4 d5 2.c4 e6 3.Nc3 Be7 4.Nf3 Nf6 5.Bf4 O-O 6.e3 a6 7.c5 Ne4 8.Nxe4 dxe4
9.Nd2 f5 10.h4 Bd7 11.Qb3 Qc8 12.f3 exf3 13.Nxf3 Nc6 14.Be2 Bf6 15.Bg5 Kh8
16.Bxf6 gxf6 17.O-O-O Ne7 18.Nd2 Bb5 19.Bf3 Qd7 20.Rde1 Rad8 21.Nb1 b6 22.cxb6 cxb6
23.Nc3 Rc8 24.Kb1 Bd3+ 25.Ka1 b5 26.Qd1 Bc4 27.b3 Bd5 28.Qd2 Bxf3 29.gxf3 Qc6
30.Ne2 Qxf3 31.Nf4 Qe4 32.Rhg1 Rc2 33.Qb4 Re8 34.Qd6 Qc6 35.Qxc6 Rxc6 36.Nd3 Rc3
37.Nc5 Nd5 38.e4 fxe4 39.Nxe4 Rc2 40.Nd6 Rf8 41.Rxe6 h5 42.Kb1 Rh2 43.Rc1 b4
44.Rc5 Nc3+ 45.Kc1 Nxa2+ 46.Kd1 Rxh4 47.Nf5 Rh2 48.Ne7 Rg8 49.d5 Rg7 50.Rc8+ Kh7  0-1

[Event "44th Doeberl Cup"]
[Site "Canberra AUS"]
[Date "2006.04.14"]
[Round "2"]
[White "Ikeda,J"]
[Black "Brockman,R"]
[Result "1-0"]
[WhiteElo "2089"]
[BlackElo "1812"]

1.d4 d5 2.Nf3 Nf6 3.c4 e6 4.Nc3 Be7 5.Bf4 O-O 6.e3 c5 7.Bd3 Nc6 8.a3 cxd4
9.exd4 dxc4 10.Bxc4 a6 11.O-O b5 12.Ba2 Nd5 13.Nxd5 exd5 14.Rc1 Bb7 15.Bb1 g6
16.Ne5 Na5 17.Nxg6 fxg6 18.Bc7 Qd7 19.Bxa5 Rac8 20.Rxc8 Rxc8 21.f4 Rf8 22.f5 gxf5
23.Bxf5 Qd6 24.Qg4+ Kh8 25.Qh5 h6 26.Bb4 Qf6 27.Bxe7 Qxe7 28.Qxh6+  1-0

[Event "7th ch-Euro"]
[Site "Kusadasi TUR"]
[Date "2006.04.14"]
[Round "10"]
[White "Yeke,S"]
[Black "Kosintseva,T"]
[Result "1/2-1/2"]
[WhiteElo "2255"]
[BlackElo "2479"]

1.Nf3 d5 2.d4 Nf6 3.c4 e6 4.Nc3 Be7 5.Bf4 O-O 6.e3 c5 7.dxc5 Bxc5 8.Qc2 Nc6
9.a3 Qa5 10.Ra2 Ne4 11.Bd3 Nxc3 12.bxc3 h6 13.cxd5 exd5 14.O-O Be7 15.Rb1 Bf6
16.Nd4 Ne5 17.Be2 Qd8 18.a4 b6 19.a5 bxa5 20.Rba1 Nc4 21.Bxc4 dxc4 22.Rxa5 a6
23.Qa2 Bb7 24.Qxc4 Rc8 25.Qb3 Qd7 26.h3 Bd8 27.R5a4 a5 28.c4 Rc5 29.Rd1 Rh5
30.Nf3 Qc6 31.Rd6 Qc8 32.Qd1 Bc7 33.Rd4 Bb6 34.Rd2 Bc6 35.Raa2 Rf5 36.Nd4 Bxd4
37.Rxd4 a4 38.Rad2 Qb7 39.Qg4 Rf6 40.Rd6 Rxd6 41.Bxd6 Re8 42.Ba3 Re6 43.Rb2 Qc7
44.Qd4 Qa5 45.Rd2 Qf5 46.f3 Rg6 47.Kh2 Qb1 48.e4 Qe1 49.g4 h5 50.Qf2 Qb1
51.Qh4 Re6 52.Rd8+ Be8 53.Be7 Qb2+ 54.Kg1 Qa1+ 55.Kg2 Qb2+ 56.Kh1 Qa1+ 57.Kg2 Qb2+
58.Kh1  1/2-1/2

[Event "LII Nacional Abierto"]
[Site "Mexico City MEX"]
[Date "2006.04.15"]
[Round "8"]
[White "Blanco Fernandez,A"]
[Black "Rivera Rodriguez,J"]
[Result "0-1"]
[WhiteElo "2383"]
[BlackElo "2097"]

1.d4 d5 2.c4 e6 3.Nc3 Nf6 4.Nf3 Be7 5.Bf4 c6 6.e3 Nbd7 7.h3 Nf8 8.Qc2 Ng6
9.Bh2 Qa5 10.Bd3 O-O 11.O-O dxc4 12.Bxc4 a6 13.a3 c5 14.dxc5 Qxc5 15.Na4 Qa7
16.Nc3 b5 17.Be2 Bb7 18.Nd4 Rac8 19.Qb3 Qa8 20.f3 Nd5 21.Ne4 Rfd8 22.Rfd1 Nf6
23.Nc3 Nd5 24.Ne4 Nf6 25.Nxf6+ Bxf6 26.a4 Bxd4 27.exd4 Bd5 28.Qe3 b4 29.Rac1 Rxc1
30.Rxc1 Rc8 31.Rc5 Rxc5 32.dxc5 Qc6 33.b3 f6 34.Bd6 e5 35.g3 Kf7 36.Kf2 Ne7
37.Qd3 Nc8 38.Bb8 Qxc5+ 39.Kg2 Ne7 40.Qxa6 e4 41.Ba7 exf3+ 42.Bxf3 Qc2+ 43.Bf2 Qxb3
44.Qe2 Bxf3+ 45.Qxf3 Qxa4 46.Qh5+ Kf8 47.Qxh7 Qc6+ 48.Kh2 b3 49.Qh8+ Kf7
50.Qh5+ Kg8 51.Qe2 Qc2 52.Qxe7 Qxf2+ 53.Kh1 Qf1+ 54.Kh2 Qf2+ 55.Kh1 Qf1+
56.Kh2 b2  0-1

[Event "ch-DEN"]
[Site "Aalborg DEN"]
[Date "2006.04.16"]
[Round "9"]
[White "Kongsted,H"]
[Black "Glud,J"]
[Result "0-1"]
[WhiteElo "2245"]
[BlackElo "2421"]

1.d4 d5 2.Nf3 Nf6 3.c4 e6 4.Nc3 Be7 5.Bf4 O-O 6.e3 c5 7.dxc5 Bxc5 8.Qc2 Nc6
9.Rd1 Qa5 10.Be2 dxc4 11.Bxc4 a6 12.O-O Be7 13.a3 h6 14.Ba2 Qh5 15.Ne2 Bd7
16.Ng3 Qc5 17.Qxc5 Bxc5 18.e4 g5 19.Bd6 Bxd6 20.Rxd6 Rad8 21.Rfd1 Bc8 22.Kf1 Rxd6
23.Rxd6 Re8 24.Nd2 Kf8 25.Nc4 Ke7 26.Ke2 h5 27.f3 g4 28.Rd2 h4 29.Nf1 h3
30.gxh3 gxf3+ 31.Kxf3 Rh8 32.Ng3 b5 33.Ne3 Rxh3 34.Ng4 Nxg4 35.Kxg4 Rh8 36.Rc2 Bd7
37.h4 f5+ 38.exf5 exf5+ 39.Nxf5+ Bxf5+  0-1

[Event "1st IM"]
[Site "Edmonton CAN"]
[Date "2006.04.16"]
[Round "7"]
[White "Kraai,J"]
[Black "Lee,V"]
[Result "1-0"]
[WhiteElo "2466"]
[BlackElo "2222"]

1.Nf3 Nf6 2.c4 e6 3.Nc3 d5 4.d4 Be7 5.Bf4 O-O 6.e3 Nh5 7.Bg3 Nxg3 8.hxg3 g6
9.Qd2 Bf6 10.e4 Bg7 11.O-O-O dxc4 12.Bxc4 a6 13.e5 b5 14.Bb3 c5 15.Ne4 c4
16.Bc2 Bb7 17.Nf6+ Bxf6 18.Qh6 Re8 19.Qxh7+ Kf8 20.exf6 Qxf6 21.Ne5  1-0

[Event "1st IM"]
[Site "Edmonton CAN"]
[Date "2006.04.17"]
[Round "8"]
[White "Zilberstein,Dm"]
[Black "Vavrak,P"]
[Result "1-0"]
[WhiteElo "2381"]
[BlackElo "2408"]

1.d4 e6 2.c4 d5 3.Nc3 Nf6 4.Nf3 Be7 5.Bf4 O-O 6.e3 a6 7.c5 Nc6 8.a3 Nh5 9.Bd3 Nxf4
10.exf4 Bf6 11.Ne2 Bd7 12.h4 Ne7 13.Qc2 h5 14.g3 Bb5 15.Kf1 Qd7 16.Kg2 Bxd3
17.Qxd3 Qb5 18.Qd2 a5 19.Nc3 Qa6 20.Ne5 Bxe5 21.fxe5 f6 22.Rhe1 Nf5 23.Rad1 Qc4
24.Qf4 c6 25.Rd2 fxe5 26.Qxe5 Rf6 27.Nd1 Raf8 28.Ne3 Nxe3+ 29.Rxe3 Qc1 30.Rde2 Qd1
31.f4 a4 32.Re1 Qg4 33.Kh2 Rg6 34.Rf1 Rf7 35.Qb8+ Kh7 36.Qe5 Kg8 37.Rff3 Rgf6
38.Qg5 Kf8 39.Kg2 Ke7 40.Re5 g6 41.Qxg4 hxg4 42.Rfe3 Kd7 43.Rg5 b6 44.b4 axb3
45.cxb6  1-0

[Event "XIII TCh-RUS"]
[Site "Sochi RUS"]
[Date "2006.04.22"]
[Round "3"]
[White "Popov,Val"]
[Black "Bezgodov,A"]
[Result "1/2-1/2"]
[WhiteElo "2587"]
[BlackElo "2554"]

1.d4 d5 2.c4 e6 3.Nf3 Nf6 4.Nc3 Be7 5.Bf4 O-O 6.e3 c5 7.dxc5 Bxc5 8.cxd5 Nxd5
9.Nxd5 exd5 10.a3 Bd6 11.Bxd6 Qxd6 12.Be2 Nc6 13.O-O Bg4 14.h3 Bxf3 15.Bxf3 Rad8
16.Rc1 Ne5 17.Rc2 d4 18.exd4 Qb6 19.d5 Rfe8 20.g3 f5 21.Bg2 f4 22.gxf4 Ng6
23.Qg4 Qf6 24.f5 Ne5 25.Qf4 Nd3 26.Qg3 Ne1 27.Rc7 Qxb2 28.d6 Nxg2 29.Kxg2 Qf6
30.Rd1 Re5 31.Rd4 Rxf5 32.Rxg7+ Qxg7 33.Rg4 Rd7 34.Qe3 Kf8 35.Rxg7 Rxg7+
36.Kf1 Rgf7 37.Qxa7 Rxf2+ 38.Qxf2 Rxf2+ 39.Kxf2 Kf7 40.Kf3 Ke6 41.Kf4 Kxd6
42.Kg5 b5 43.Kh6 Kc5 44.Kxh7 Kc4 45.h4 Kb3 46.h5 Kxa3 47.h6 b4 48.Kg7 b3
49.h7 b2 50.h8=Q b1=Q  1/2-1/2

[Event "XXIV Open"]
[Site "Metz FRA"]
[Date "2006.04.23"]
[Round "2"]
[White "Bauer,Ch"]
[Black "Marchal,J"]
[Result "1-0"]
[WhiteElo "2638"]
[BlackElo "2083"]

1.d4 Nf6 2.Nf3 e6 3.c4 d5 4.Nc3 Be7 5.Bf4 c6 6.e3 Nbd7 7.Rc1 O-O 8.a3 a6
9.c5 b6 10.cxb6 Nxb6 11.Bd3 c5 12.dxc5 Bxc5 13.O-O Bd6 14.Ne2 Re8 15.Ned4 Bb7
16.Ne5 Rc8 17.Qb3 Nc4 18.Bxc4 Qc7 19.Bxa6 Qxc1 20.Bxb7 Rc7 21.Bc6  1-0

[Event "XXIV Open"]
[Site "Metz FRA"]
[Date "2006.04.23"]
[Round "2"]
[White "Epishin,V"]
[Black "Lersy,X"]
[Result "1-0"]
[WhiteElo "2565"]
[BlackElo "2036"]

1.d4 d5 2.c4 e6 3.Nf3 Nf6 4.Nc3 Be7 5.Bf4 c6 6.e3 O-O 7.Qc2 Nbd7 8.Rd1 Re8
9.Be2 dxc4 10.Bxc4 Nd5 11.Bg3 Qa5 12.O-O Nxc3 13.bxc3 b5 14.Bd3 Nf8 15.c4 Bb7
16.Rb1 a6 17.a4 Rac8 18.Qe2 Ba3 19.c5 f6 20.Qc2 Re7 21.Ra1 b4 22.Bd6 Rd7
23.Nd2 Qd8 24.Nc4 Qe8 25.Rfb1 Qh5 26.Nxa3 bxa3 27.Rxa3 Re8 28.Rab3 Bc8 29.Be4 Ng6
30.Bxc6 Qg5 31.Rb8  1-0